Bí mật của các doanh nghiệp chưa hề thất bại

Shranjeno v:
Bibliografske podrobnosti
Glavni avtor: Uwayaki
Format: Knjiga
Jezik:Undetermined
Izdano: Hà Nội Khoa học và Kỹ thuật 1995
Teme:
Oznake: Označite
Brez oznak, prvi označite!
Thư viện lưu trữ: Trung tâm Học liệu Trường Đại học Cần Thơ
LEADER 00578nam a2200181Ia 4500
001 CTU_36883
008 210402s9999 xx 000 0 und d
020 |c 11000 
082 |a 658.47 
082 |b U95 
100 |a Uwayaki 
245 0 |a Bí mật của các doanh nghiệp chưa hề thất bại 
245 0 |c Uwayaki; Dịch giả: Vũ Bội Tuyền 
260 |a Hà Nội 
260 |b Khoa học và Kỹ thuật 
260 |c 1995 
650 |a Business intelligence,Managerial economics 
980 |a Trung tâm Học liệu Trường Đại học Cần Thơ